The new American Webster dictionary. Ed. by the National Lexicographic Board

Gespeichert in:
Bibliographische Detailangaben
Format: Buch
Sprache:Englisch
Veröffentlicht: New York : A Signet Book, 1955
Schriftenreihe:The New American Library
Tags: Tag hinzufügen
Keine Tags, Fügen Sie das erste Tag hinzu!

MARC

LEADER 00000nam a22000003a 4500
001 stu265
005 20141121194838.4
008 910502s1955----xxu-----------------eng-d
040 |a STU  |b slo 
041 0 |a eng 
044 |a xxu 
080 |a 802.0(038) 
080 |a 801.323.1  |7 stu_us_auth*stu8227 
245 |a The new American Webster dictionary. Ed. by the National Lexicographic Board 
260 |a New York :  |b A Signet Book,  |c 1955 
300 |a 412 s 
830 0 |a The New American Library 
996 |b E74358  |c E*74358  |l EE18  |s P  |a 0  |w stu265_0001